Historia y elementos de la sociología del conocimiento; contenido y contexto de las ideas sociales /
Guardado en:
| Autor Principal: | |
|---|---|
| Formato: | Libro |
| Publicado: |
Argentina :
Eudeba,
1964
|
| Materias: | |
| Etiquetas: |
Agregar Etiqueta
Sin Etiquetas, Sea el primero en etiquetar este registro!
|
| LEADER | 00910nam a22002175a 4500 | ||
|---|---|---|---|
| 001 | CEM.cems003303 | ||
| 005 | 19000101000000.0 | ||
| 008 | 130507s1964##################000#0#####d | ||
| 003 | CEMS | ||
| 082 | 0 | 4 | |a 301 |
| 100 | 1 | |a Horowitz, Irving Louis | |
| 245 | 1 | 0 | |a Historia y elementos de la sociología del conocimiento; contenido y contexto de las ideas sociales / |c Irving Louis Horowitz |
| 260 | |a Argentina : |b Eudeba, |c 1964 | ||
| 300 | |a 353 p. | ||
| 505 | 0 | |a Ideologia: contenido y contexto; Funcion del mito en la vida social del hombre; Ideologia y alienacion; Transicion de la ideologia a la utopia; Conciencia, comunicacion y cultura; Normas sociales y valores humanos; Accion social y comprension humana | |
| 653 | |a Ciencia y sociedad | ||
| 653 | |a Ciencias sociales | ||
| 653 | |a Ideologia | ||
| 653 | |a Ontologia social | ||
| 653 | |a Religion | ||
| 859 | |a CEMS |b BIB. CEMS - 11 de abril |h 301 |i H785/1 |p 594.73 |t Ej.1 | ||
